000
00237nam a2200097Ia 4500
008
220217s9999||||xx |||||||||||||| ||und||
100
_a
Sinha, S.N
245
0
_a
Reinforced concrete design
260
_a
Tata mc graw hill
300
_b
750
999
_c
187156
_d
187156